Impuesto a la Renta 2018: elementos prioritarios. Análisis práctico de los sistemas. Rentas atribuidas y parcialmente integradas
Salvato in:
| Autore principale: | |
|---|---|
| Natura: | Libro |
| Lingua: | spagnolo |
| Pubblicazione: |
Santiago
Producciones Gráficas Los Trapiales Ltda
2018
|
| Edizione: | 1a. ed |
| Serie: | Sistemas Impositivos J. F. C
|
| Soggetti: | |
| Tags: |
Aggiungi Tag
Nessun Tag, puoi essere il primo ad aggiungerne!!
|
MARC
| LEADER | 00000cam a2200000 a 4500 | ||
|---|---|---|---|
| 001 | UCC4877 | ||
| 003 | CL-VaPUC | ||
| 008 | 180831e20180000cl |||||||||||||||||spa|d | ||
| 082 | 0 | 4 | |a 336.8324 |b FAJ |2 21 |
| 100 | 0 | |a Fajardo Castro, José A |e author |9 599083 | |
| 245 | 1 | 0 | |a Impuesto a la Renta 2018: elementos prioritarios. Análisis práctico de los sistemas. Rentas atribuidas y parcialmente integradas |
| 250 | |a 1a. ed | ||
| 300 | |a 200 p | ||
| 942 | |c BK | ||
| 945 | |d 20180831 12:04:00 |a dcastane | ||
| 260 | |a Santiago |b Producciones Gráficas Los Trapiales Ltda |c 2018 | ||
| 650 | 0 | |a Impuesto a la renta |9 258171 | |
| 650 | 0 | |a Derecho tributario |9 258895 | |
| 583 | |a last modification |c 20180831 12:04:00 |k Rodrigo Vera | ||
| 490 | 0 | |a Sistemas Impositivos J. F. C | |
| 999 | |c 372262 |d 372260 | ||
| 952 | |0 0 |1 0 |3 erb |4 0 |6 336_832400000000000_FAJ_2018 |7 0 |8 A |9 489591 |a BIBGIM |b BIBGIM |i 5494435 |o 336.8324 FAJ 2018 |p 5494435 |r 2025-01-15 |w 2019-11-24 |y BK |z Catalogado en:20180831 |k COM | ||
| 952 | |0 0 |1 0 |3 erb |4 0 |6 336_832400000000000_FAJ_2018 |7 0 |8 A |9 489592 |a BIBGIM |b BIBGIM |i 5494427 |o 336.8324 FAJ 2018 |p 5494427 |r 2025-01-15 |w 2019-11-24 |y BK |z Catalogado en:20180831 |k COM | ||
| 952 | |0 0 |1 0 |3 erb |4 0 |6 336_832400000000000_FAJ_2018 |7 0 |8 A |9 489593 |a BIBGIM |b BIBGIM |i 5494419 |o 336.8324 FAJ 2018 |p 5494419 |r 2025-01-15 |w 2019-11-24 |y BK |z Catalogado en:20180831 |k COM | ||
| 952 | |0 0 |1 0 |3 erb |4 0 |6 336_832400000000000_FAJ_2018 |7 0 |8 A |9 489594 |a BIBGIM |b BIBGIM |i 5494400 |o 336.8324 FAJ 2018 |p 5494400 |r 2025-01-15 |w 2019-11-24 |y BK |z Catalogado en:20180831 |k COM | ||
| 952 | |0 0 |1 0 |3 erb |4 0 |6 336_832400000000000_FAJ_2018 |7 0 |8 A |9 489595 |a BIBGIM |b BIBGIM |i 5494397 |o 336.8324 FAJ 2018 |p 5494397 |r 2025-01-15 |w 2019-11-24 |y BK |z Catalogado en:20180831 |k COM | ||
| 952 | |0 0 |1 0 |3 erb |4 0 |6 336_832400000000000_FAJ_2018 |7 0 |8 A |9 489596 |a BIBGIM |b BIBGIM |i 5494389 |o 336.8324 FAJ 2018 |p 5494389 |r 2025-01-15 |w 2019-11-24 |y BK |z Catalogado en:20180831 |k COM | ||
| 952 | |0 0 |1 0 |3 erb |4 0 |6 336_832400000000000_FAJ_2018 |7 0 |8 A |9 489597 |a BIBGIM |b BIBGIM |i 5494370 |o 336.8324 FAJ 2018 |p 5494370 |r 2025-01-15 |w 2019-11-24 |y BK |z Catalogado en:20180831 |k COM | ||
| 952 | |0 0 |1 0 |3 erb |4 0 |6 336_832400000000000_FAJ_2018 |7 0 |8 A |9 489598 |a BIBGIM |b BIBGIM |i 5494362 |o 336.8324 FAJ 2018 |p 5494362 |r 2025-01-15 |w 2019-11-24 |y BK |z Catalogado en:20180831 |k COM | ||
| 952 | |0 0 |1 0 |3 erb |4 0 |6 336_832400000000000_FAJ_2018 |7 0 |8 A |9 489599 |a BIBGIM |b BIBGIM |i 5494354 |o 336.8324 FAJ 2018 |p 5494354 |r 2025-01-15 |w 2019-11-24 |y BK |z Catalogado en:20180831 |k COM | ||
| 952 | |0 0 |1 0 |3 erb |4 0 |6 336_832400000000000_FAJ_2018 |7 0 |8 A |9 489600 |a BIBGIM |b BIBGIM |i 5494346 |o 336.8324 FAJ 2018 |p 5494346 |r 2025-01-15 |w 2019-11-24 |y BK |z Catalogado en:20180831 |k COM | ||
| 952 | |0 0 |1 0 |3 erb |4 0 |6 336_832400000000000_FAJ_2018 |7 0 |8 A |9 489601 |a BIBGIM |b BIBGIM |i 5494338 |o 336.8324 FAJ 2018 |p 5494338 |r 2025-01-15 |w 2019-11-24 |y BK |z Catalogado en:20180831 |k COM | ||
| 952 | |0 0 |1 0 |3 erb |4 0 |6 336_832400000000000_FAJ_2018 |7 0 |8 A |9 489602 |a BIBGIM |b BIBGIM |i 549432K |o 336.8324 FAJ 2018 |p 549432K |r 2025-01-15 |w 2019-11-24 |y BK |z Catalogado en:20180831 |k COM | ||
| 952 | |0 0 |1 0 |3 erb |4 0 |6 336_832400000000000_FAJ_2018 |7 0 |8 A |9 489603 |a BIBGIM |b BIBGIM |i 5494311 |o 336.8324 FAJ 2018 |p 5494311 |r 2025-01-15 |w 2019-11-24 |y BK |z Catalogado en:20180831 |k COM | ||
| 952 | |0 0 |1 0 |3 erb |4 0 |6 336_832400000000000_FAJ_2018 |7 0 |8 A |9 489604 |a BIBGIM |b BIBGIM |i 5494303 |o 336.8324 FAJ 2018 |p 5494303 |r 2025-01-15 |w 2019-11-24 |y BK |z Catalogado en:20180831 |k COM | ||
| 952 | |0 0 |1 0 |3 erb |4 0 |6 336_832400000000000_FAJ_2018 |7 0 |8 A |9 489605 |a BIBGIM |b BIBGIM |i 549429K |o 336.8324 FAJ 2018 |p 549429K |r 2025-01-15 |w 2019-11-24 |y BK |z Catalogado en:20180831 |k COM | ||